| 000 | 00505nam a2200181Ia 4500 | ||
|---|---|---|---|
| 008 | 230917s9999||||xx |||||||||||||| ||und|| | ||
| 020 | _cGBP26.99 | ||
| 040 |
_e255902 _aMAIN |
||
| 041 | _aEnglish | ||
| 082 | _a001.4 H252D(2) | ||
| 100 | _aHart, Chris | ||
| 245 | 0 | _aDoing a literature review: Releasing the research imagination | |
| 250 | _a2nd ed. | ||
| 260 |
_aLondon _bSage Publications _c2018 |
||
| 300 | _axiv, 334 p. | ||
| 500 | _a3913 26/12/2019 RK19/549 12/06/2019 IHTM (SFS) | ||
| 942 | _cBK | ||
| 999 |
_c34061 _d34061 |
||